[Event "Leipzig VfB op 16th"]
[Site "Leipzig"]
[Date "2009.04.01"]
[Round "3"]
[White "Hoffmann, Jakob"]
[Black "Kuenne, Lutz Dieter"]
[Result "0-1"]
[WhiteElo "1191"]
[BlackElo "1620"]
[PlyCount "34"]
[EventDate "2009.03.31"]
[EventType "swiss"]
[EventRounds "9"]
[EventCountry "GER"]
[SourceTitle "EXT 2010"]
[Source "ChessBase"]
[SourceDate "2010.11.25"]
[SourceVersion "1"]
[SourceVersionDate "2010.11.25"]
[SourceQuality "1"]

1. e4 c5 2. c3 Nf6 3. f3 Nc6 4. d4 d6 5. Bd3 cxd4 6. cxd4 Nxd4 7. Be3 Nc6 8. Ne2 a6 9. a4 d5 10. 0-0 d4 11. Bc1 e5 12. Nd2 Be6 13. Nc4 Nb4 14. Nxe5 Qc7 15. Bf4 Nxd3 16. Qxd3 Qb6 17. Qxd4 Bc5 0-1

[Event "Sachsen-ch U14"]
[Site "Sebnitz"]
[Date "2007.04.14"]
[Round "7"]
[White "Hoffmann, Jakob"]
[Black "Lindner, Sebastian"]
[Result "0-1"]
[WhiteElo "1041"]
[BlackElo "1560"]
[PlyCount "84"]
[EventDate "2007.04.10"]
[EventType "swiss"]
[EventRounds "7"]
[EventCountry "GER"]
[SourceTitle "EXT 2008"]
[Source "ChessBase"]
[SourceDate "2007.11.25"]
[SourceVersion "1"]
[SourceVersionDate "2007.11.25"]
[SourceQuality "1"]

1. e4 c5 2. Nf3 d6 3. Bb5+ Bd7 4. Bxd7+ Qxd7 5. 0-0 e6 6. c3 Nc6 7. d3 Nf6 8. Nbd2 g6 9. Re1 Bg7 10. a3 a5 11. Nc4 Qc7 12. Qa4 0-0 13. d4 cxd4 14. cxd4 d5 15. Ncd2 Rab8 16. e5 Nd7 17. b4 b5 18. Qb3 Nb6 19. bxa5 Nc4 20. a6 Qa5 21. Qa2 Qxa6 22. Nxc4 bxc4 23. Bg5 Ra8 24. h3 Nb4 25. Qd2 Nd3 26. Reb1 Rfb8 27. Rxb8+ Rxb8 28. Bf6 Bf8 29. a4 Rb3 30. h4 Qb7 31. Nh2 h5 32. a5 Rb2 33. a6 Rxd2 34. axb7 Rb2 35. Ra7 c3 36. b8Q Rxb8 37. Rc7 Bb4 38. g4 Ba5 39. Rc6 Nf4 40. g5 Ne2+ 41. Kf1 Nxd4 42. Be7 Nxc6 0-1